000 00614nam a2200217Ia 4500
003 OSt
005 20251204105932.0
008 210719s2002 xx 000 0 und d
040 _cAL
041 _aKannada
082 _aK894.2 MAHS
100 _aMAHAMMAD (K T)
_dಮಹಮ್ಮದ್ (ಕೆ ಟಿ)
_9247567
245 _aSakshatkara
_bಸಾಕ್ಷಾತ್ಕಾರ
260 _aPutturu
_bKannada Prapancha Prakashana
_c2002
300 _avi,54
_bPB
365 _b45
_cRs
650 _aKannada Drama
_9247568
650 _a ನಾಟಕ.
_9247569
906 _aNa Damodara Shetty
942 _2ddc
_cBK
999 _c213676
_d213676